Factoring: ze světa konečně i domů?

Factoring - predaj pohľadávok, ktoré vyplynuli z predaja tovaru a služieb, veriteľom (výrobcom alebo predajcom) factoringovej spoločnosti. Factoringová spoločnosť je špecializovaná finančná inštitúcia, ktorá zaisťuje včasné a riadne inkaso pohľadávky. Vývozný factoring, dovozný factoring a domáci fa...

Descrizione completa

Salvato in:
Dettagli Bibliografici
Autore principale: Ferenc, J.
Natura: Capitolo di libro
Lingua:ceco
Soggetti:
Tags: Aggiungi Tag
Nessun Tag, puoi essere il primo ad aggiungerne!!

MARC

LEADER 00000naa a2200000 4500
001 r012814
005 20221213090318.8
041 0 |a cze 
044 |a SK 
245 1 0 |a Factoring: ze světa konečně i domů?  |c J. Ferenc 
520 |a Factoring - predaj pohľadávok, ktoré vyplynuli z predaja tovaru a služieb, veriteľom (výrobcom alebo predajcom) factoringovej spoločnosti. Factoringová spoločnosť je špecializovaná finančná inštitúcia, ktorá zaisťuje včasné a riadne inkaso pohľadávky. Vývozný factoring, dovozný factoring a domáci factoring. 
610 2 0 |a faktoring 
610 2 0 |a pohľadávky 
100 1 |a Ferenc, J.